| 000 | 01688cab a2200217 4500 | ||
|---|---|---|---|
| 001 | ABS39180 | ||
| 008 | 090401t1988 xxu||||| |||| 00| 0 eng d | ||
| 035 | _a(Sirsi) u14857 | ||
| 041 | _aeng | ||
| 245 | _aADP & E Farmers v Department of Transport | ||
| 260 | _c1988 | ||
| 350 | _a0 | ||
| 490 |
_aEstates Gazette _v(8818) 7 May 1988 80-84 |
||
| 520 | _aLT (REF/201/1984) 3 February 1988. A reference to determine the amount of compensation payable on the acquisition of land for the formation of a spur road to the M5 motorway. Briefly, 0.555 ac of land fronting on to the then Exeter bypass was acquired. This land formed part of 19.28 ac with possibilities for housing development. The claimants` figure for compensation was £750,079 on the assumption that after the acquisition of the 0.555 ac there was no prospect of the retained land being developed and its value did not exceed agricultural value. An alternative claim of £726,647 was sought if the Bwllfa principle was not applicable. The acquiring authority`s figure was £98,010, based on the assumption that alternative means of access were available to the retained land so that it could be developed. Planning permission for residential development had been refused in 1962, 67 and 76; a certificate of appropriate alternative development for the land taken was issued by the Secretary of | ||
| 650 | _aABBEY HOMESTEADS GROUP LTD V SOS TRANSPORT | ||
| 650 | _aPOINTE GOURDE QUARRYING AND TRANSPORT CO LTD V CROWN LANDS SUPERINTENDENT | ||
| 650 | _aS18 CERTIFICATE | ||
| 690 | _aENVIRONMENTAL AND LAND CONSULTANCY-PLANNING AND DEVELOPMENT-COMPULSORY PURCHASE AND COMPENSATION | ||
| 942 | _n0 | ||
| 948 | _c04/03/1997 | ||
| 999 |
_c9697 _d9697 |
||